000 00648cab a2200229 4500
001 WB3301-84
008 090401t1996 xxu||||| |||| 00| 0 eng d
035 _a(Sirsi) u13352
041 _aeng
245 _aRegeneration
260 _c1996
350 _a0
490 _aDoE News Release
_v(562) 16 December 1996, (7)
520 _aForty eight London partnerships have won a total of £280m from Round 3 of the Government`s Regeneration Challenge Fund. Details.
650 _aCHALLENGE FUND
650 _aFUNDING
650 _aLONDON
650 _aREGENERATION PROGRAMMES
690 _aURBAN RENEWAL
942 _n0
948 _c04/03/1997
999 _c8608
_d8608